<?xml version="1.0" encoding="UTF-8" ?>
<collection xmlns="http://www.loc.gov/MARC21/slim"><record><leader>01026nam a2200253   4500</leader><controlfield tag="001">231003</controlfield><controlfield tag="003">CH-000273-5</controlfield><controlfield tag="005">20250808151032.0</controlfield><datafield tag="040" ind1=" " ind2=" "><subfield code="a">CH-000273-5</subfield><subfield code="b">ger</subfield><subfield code="e">rda</subfield></datafield><datafield tag="041" ind1="0" ind2=" "><subfield code="a">ita</subfield></datafield><datafield tag="100" ind1="1" ind2=" "><subfield code="a">Giorgetti, Angelo </subfield><subfield code="d">1899-1960</subfield><subfield code="e">Künstler</subfield><subfield code="4">art</subfield></datafield><datafield tag="245" ind1="1" ind2="0"><subfield code="a">Angelo Giorgetti (1899-1960)</subfield><subfield code="b">dalla parigi degli &quot;anni folli&quot; al Ticino del dopoguerra</subfield><subfield code="c">a cura di Simona Ostinelli</subfield></datafield><datafield tag="264" ind1=" " ind2="1"><subfield code="a">Cinisello Balsamo</subfield><subfield code="b">Silvana Editoriale</subfield><subfield code="c">[2025]</subfield></datafield><datafield tag="300" ind1=" " ind2=" "><subfield code="a">187 Seiten</subfield><subfield code="c">22 cm</subfield></datafield><datafield tag="336" ind1=" " ind2=" "><subfield code="a">Text</subfield><subfield code="b">txt</subfield><subfield code="2">rdacontent</subfield></datafield><datafield tag="336" ind1=" " ind2=" "><subfield code="a">unbewegtes Bild</subfield><subfield code="b">sti</subfield><subfield code="2">rdacontent</subfield></datafield><datafield tag="337" ind1=" " ind2=" "><subfield code="a">ohne Hilfsmittel zu benutzen</subfield><subfield code="b">n</subfield><subfield code="2">rdamedia</subfield></datafield><datafield tag="338" ind1=" " ind2=" "><subfield code="a">Band</subfield><subfield code="b">nc</subfield><subfield code="2">rdacarrier</subfield></datafield><datafield tag="600" ind1="1" ind2="7"><subfield code="a">Giorgetti, Angelo</subfield><subfield code="d">1899-1960</subfield><subfield code="x">Malerei</subfield><subfield code="x">Plastik</subfield><subfield code="x">Mosaik</subfield><subfield code="2">gnd</subfield></datafield><datafield tag="655" ind1=" " ind2="7"><subfield code="a">Ausstellungskatalog </subfield><subfield code="x">Pinacoteca cantonale Giovanni Züst </subfield><subfield code="y">06.04.2025-07.09.2025 </subfield><subfield code="z">Rancate</subfield><subfield code="2">gnd-content</subfield></datafield><datafield tag="655" ind1=" " ind2="7"><subfield code="a">Bildband</subfield><subfield code="2">gnd-content</subfield></datafield><datafield tag="700" ind1="1" ind2=" "><subfield code="a">Ostinelli, Simona</subfield><subfield code="e">Herausgeber</subfield><subfield code="4">edt</subfield></datafield><datafield tag="710" ind1="2" ind2=" "><subfield code="a">Pinacoteca cantonale Giovanni Züst</subfield><subfield code="e">Veranstalter</subfield><subfield code="4">orm</subfield></datafield><datafield tag="852" ind1="4" ind2=" "><subfield code="a">CH-000273-5</subfield><subfield code="c">A 2025/0085</subfield></datafield></record></collection>